Reigles des cinq ordres d'architecture / (Record no. 91912)

MARC details
000 -LEADER
campo de control de longitud fija 01548nam a2200337 i 4500
001 - NÚMERO DE CONTROL
campo de control 91912
003 - IDENTIFICADOR DE NÚMERO DE CONTROL
campo de control ES-MaACL
005 - FECHA Y HORA DE LA ÚLTIMA TRANSACCIÓN
campo de control 20250718070529.0
007 - CAMPO FIJO DE DESCRIPCIÓN FÍSICA--INFORMACIÓN GENERAL
campo de control de longitud fija t|
008 - DATOS DE LONGITUD FIJA--INFORMACIÓN GENERAL
campo de control de longitud fija 050307q17341753fr e ||||1| fre d
040 ## - FUENTE DE CATALOGACIÓN
Centro/agencia transcriptor ES-MaACL
080 ## - NÚMERO DE LA CLASIFICACIÓN DECIMAL UNIVERSAL
Número de la Clasificación Decimal Universal 72(035)"15"
100 1# - ENTRADA PRINCIPAL--NOMBRE DE PERSONA
Nombre de persona Vignola,
Fechas asociadas al nombre 1507-1573
Término indicativo de función/relación Autor
9 (RLIN) 114654
245 10 - MENCIÓN DEL TÍTULO
Título Reigles des cinq ordres d'architecture /
Mención de responsabilidad, etc. de M. Jacques Barozzio de Vignole, avec une augmentation nouvelle de Michel Angelo Bonaroti et autres = Le regole dei cinque ordini d'architettura del signor Giacomo Barozzio di Vignola ; con una augmentatione nuova di Michele Angelo Bonaroti ed altri.
246 1# - FORMA VARIANTE DEL TITULO
Título propio/Titulo breve Règles des cinq ordres d'architecture
246 1# - FORMA VARIANTE DEL TITULO
Título propio/Titulo breve Regola delli cinque ordini d'architettura
260 ## - PUBLICACIÓN, DISTRIBUCIÓN, ETC.
Lugar de publicación, distribución, etc. A Paris :
Nombre del editor, distribuidor, etc. Chez la Ve. de F. Chereau,
Fecha de publicación, distribución, etc. [entre 1734 y 1753]
300 ## - DESCRIPCIÓN FÍSICA
Extensión 87 páginas :
Otras características físicas ilustraciones ;
Dimensiones 16 cm.
530 ## - NOTA DISPONIBLE DE FORMULARIO FÍSICO ADICIONAL
Materiales especificados Disponible en formato digital
546 ## - NOTA DE IDIOMA
Nota de lengua/lenguaje Texto en francés e italiano
650 #4 - PUNTO DE ACCESO ADICIONAL DE MATERIA--TÉRMINO DE MATERIA
Término de materia o nombre geográfico como elemento de entrada Arquitectura-
Subdivisión general Composición
9 (RLIN) 143356
650 #4 - PUNTO DE ACCESO ADICIONAL DE MATERIA--TÉRMINO DE MATERIA
Término de materia o nombre geográfico como elemento de entrada Órdenes arquitectónicos
9 (RLIN) 147216
700 0# - ENTRADA AGREGADA--NOMBRE PERSONAL
Nombre de persona Michelangelo,
Fechas asociadas al nombre 1475-1564
Término indicativo de función/relación Colaborador
9 (RLIN) 80912
740 32 - ENTRADA AGREGADA--TÍTULO RELACIONADO/ANALÍTICO NO CONTROLADO
Título relacionado o analítico no controlado Le regole dei cinque ordini d'architettura
852 ## - LOCALIZACIÓN
Ubicación ES-MaACL
Ubicación en estantería Depósito
Signatura antigua Olim: D-3829
Donativo/Legado Legado M. de Lafuente
Número de control de estantería R-3127
itemnumber 95277
856 4# - LOCALIZACIÓN Y ACCESO ELECTRÓNICOS
Identificador Uniforme de Recursos <a href="https://archive.org/details/reiglesdescinqor00vign/page/n19/mode/2up">https://archive.org/details/reiglesdescinqor00vign/page/n19/mode/2up</a>
Texto de enlace Versión en línea
Nota pública (Internet Archive)
903 ## - NOMBRE PERSONAL DE DONANTE
a Lafuente, Modesto,
d 1806-1866
e Donante
9 69535
q 1
942 ## - ELEMENTOS DE ENTRADA SECUNDARIOS (KOHA)
Tipo de ítem Koha Libro impreso antiguo
Suprimir en OPAC No
Holdings
Estatus retirado Estado de pérdida Fuente del sistema de clasificación o colocación Estado de daño No para préstamo Colección Biblioteca de origen Biblioteca actual Ubicación en estantería Fecha de adquisición Fuente de adquisición Total de préstamos Signatura topográfica completa Código de barras Visto por última vez Tipo de ítem Koha
    Clasificación decimal universal     Libros del s. XVIII Biblioteca del Ateneo de Madrid Biblioteca del Ateneo de Madrid Depósito 17/01/2008 Legado   R-3127 1095970 23/02/2023 Libro impreso antiguo